Aktívne pristupovať k chozrasčotu

Bibliographic Details
Main Author: Dostál, Miroslav (Author)
Format: Article
Language:Slovak
Subjects:

MARC

LEADER 00000nab a2200000 a 4500
001 vtls000128811
003 SK-MaSNL
005 20260303032446.0
008 111104c1982 xo 0 slo
015 |a SNBRB19rr/mm-uuuuu 
035 |a CL0138916 
040 |a SNKBUCL  |b slo  |c SNKBUCL  |e AACR2 
041 0 |a slo 
044 |a xo  |c SK 
080 |a 338.2  |2 1981 
100 1 |a Dostál, Miroslav  |4 aut  |9 7354 
245 1 0 |a Aktívne pristupovať k chozrasčotu  |c Miroslav Dostál 
650 0 7 |a riadenie hospodárstva  |2 snkbucl  |9 495153 
650 0 7 |a chozrasčot  |2 snkbucl  |9 81150 
655 7 |a články z novín a časopisov  |2 snkbucl  |9 267496 
773 0 |t Odborár  |g Roč. 36, č. 21 (1982), s. 7 
850 |a Slovenská národná knižnica v Martine  |a MTA001 
852 |a SNK  |b KIS3GCP 
958 |a RK 
992 |a RBX 
999 |c 1664579  |d 1666509